00487nam a22001577a 450000500170000000800410001702000280005804100130008608200130009910000260011224500590013825000190019726000570021630000310027365000250030420240126143244.0240126b |||||||| |||| 00| 0 eng d a0409004480 ; 0409004561 aEnglish  a349 JOU  aJoubert, WAlEnglish  aThe Law of South Africa : Criminal Law / cWA Joubert  aFirst Reissue  aDurban : bButterworth Publishers (Pty) Ltd, c1996  bvii, 617 pages ; c26 cm.  aLegal practice bLaw